UM Logo

Behind the scenes in American government : (Record no. 6836)

MARC details
000 -LEADER
fixed length control field 00620nam a2200157 4500
008 - FIXED-LENGTH DATA ELEMENTS--GENERAL INFORMATION
fixed length control field 170505b xxu||||| |||| 00| 0 eng d
020 ## - INTERNATIONAL STANDARD BOOK NUMBER
International Standard Book Number 0-673-52028-5 (student ed.)
082 ## - DEWEY DECIMAL CLASSIFICATION NUMBER
Edition number 1991
Classification number DC 320.973
Item number W88
245 ## - TITLE STATEMENT
Title Behind the scenes in American government :
Remainder of title personalities and politics /
Statement of responsibility, etc. [compiled by] Peter Woll
250 ## - EDITION STATEMENT
Edition statement Eight edition.
260 ## - PUBLICATION, DISTRIBUTION, ETC. (IMPRINT)
Place of publication, distribution, etc. New York, NY :
Name of publisher, distributor, etc. HarperCollins Publishers,
Date of publication, distribution, etc. c1991
300 ## - PHYSICAL DESCRIPTION
Extent xvii, 345 pages :
Other physical details illustrations ;
Dimensions 24 cm.
650 #0 - SUBJECT ADDED ENTRY--TOPICAL TERM
9 (RLIN) 20691
Topical term or geographic name as entry element United States -- Politics and government -- 20th century
700 ## - ADDED ENTRY--PERSONAL NAME
9 (RLIN) 20692
Personal name Woll, Peter, 1933-
Relator term compiler
942 ## - ADDED ENTRY ELEMENTS (KOHA)
Source of classification or shelving scheme Dewey Decimal Classification
Koha item type Circulation
Holdings
Withdrawn status Lost status Source of classification or shelving scheme Damaged status Not for loan Collection code Home library Current library Date acquired Source of acquisition Total Checkouts Full call number Barcode Date last seen Copy number Price effective from Koha item type
    Dewey Decimal Classification     Circulation UM Digos College - LIC UM Digos College - LIC   Purchased   DC 320.973 W88 1991 12023 05/15/2025 1 05/05/2017 Circulation